000 00360nam a2200133Ia 4500
008 231129s2015||||xx |||||||||||||| ||spa||
020 _a978-84-15256-85-4
082 _a792 V632m
100 _aVicente Andrés.
245 0 _aManual del actor
260 _c2015
264 _aBarcelona : Redbook ediciones
942 _2ddc
_cBKS
999 _c20472
_d20472